Platební karty si získaly české zákazníky
Po desiatich rokoch dosiahol počet platobných kariet v ČR takmer 4 milióny. Zvyšuje sa používanie kariet k plateniu. Kreditné karty. Kontrola úverového rizika.
Salvato in:
| Autore principale: | |
|---|---|
| Natura: | Capitolo di libro |
| Lingua: | ceco |
| Soggetti: | |
| Tags: |
Nessun Tag, puoi essere il primo ad aggiungerne!!
|
MARC
| LEADER | 00000naa a2200000 4500 | ||
|---|---|---|---|
| 001 | r041609 | ||
| 005 | 20231004072051.6 | ||
| 041 | 0 | |a cze | |
| 044 | |a CZ | ||
| 245 | 1 | 0 | |a Platební karty si získaly české zákazníky |c Pavel Juřík |
| 520 | |a Po desiatich rokoch dosiahol počet platobných kariet v ČR takmer 4 milióny. Zvyšuje sa používanie kariet k plateniu. Kreditné karty. Kontrola úverového rizika. | ||
| 610 | 2 | 0 | |a karty platobné |
| 610 | 2 | 0 | |a platby obchodné |
| 610 | 2 | 0 | |a bankomaty |
| 610 | 2 | 0 | |a úver bankový |
| 610 | 2 | 0 | |a riziko |
| 610 | 2 | 0 | |a Česko |
| 100 | 1 | |a Juřík, Pavel | |